[Event "Titled Tuesday intern op 16th May Late"]
[Site "Chess.com INT"]
[Date "2023.05.16"]
[Round "4"]
[White "Levar, Nenad"]
[Black "Figorito, Nick"]
[Result "1/2-1/2"]
[WhiteElo "2009"]
[BlackElo "2036"]
[PlyCount "91"]
[EventDate "2023.05.16"]
[EventType "swiss (blitz)"]
[EventRounds "11"]
[EventCountry "USA"]
[SourceTitle "CBM 214 Extra"]
[Source "ChessBase"]
[SourceDate "2023.07.31"]
[SourceVersion "1"]
[SourceVersionDate "2023.07.31"]
[SourceQuality "1"]

1. d4 Nf6 2. c3 g6 3. Nf3 Bg7 4. Bf4 0-0 5. h3 d5 6. e3 c5 7. Nbd2 b6 8. Bd3 Ba6 9. Qe2 Bxd3 10. Qxd3 Nc6 11. 0-0 Rc8 12. Rfe1 Re8 13. Ne5 Nxe5 14. Bxe5 Qd7 15. f4 e6 16. a4 c4 17. Qe2 a6 18. e4 Nxe4 19. Nxe4 dxe4 20. Bxg7 Kxg7 21. Qxe4 Qd5 22. Qe5+ Qxe5 23. Rxe5 Red8 24. Rae1 h5 25. g4 hxg4 26. hxg4 Rh8 27. Kg2 Rh4 28. Kg3 Rch8 29. f5 exf5 30. gxf5 Rh3+ 31. Kf2 Rh2+ 32. Kf3 Rxb2 33. fxg6 Rh3+ 34. Ke4 fxg6 35. Kd5 Rxc3 36. Re7+ Kf6 37. R7e6+ Kf5 38. Rf1+ Kg5 39. Rg1+ Kf4 40. Rgxg6 Rb4 41. Rgf6+ Kg5 42. Rg6+ Kh5 43. Rh6+ Kg5 44. Rhg6+ Kh5 45. Rh6+ Kg5 46. Rhg6+ 1/2-1/2

[Event "Titled Tuesday intern op 16th May Late"]
[Site "Chess.com INT"]
[Date "2023.05.16"]
[Round "11"]
[White "Mazurkiewicz, Michal"]
[Black "Levar, Nenad"]
[Result "1-0"]
[WhiteElo "2145"]
[BlackElo "2009"]
[PlyCount "97"]
[EventDate "2023.05.16"]
[EventType "swiss (blitz)"]
[EventRounds "11"]
[EventCountry "USA"]
[SourceTitle "CBM 214 Extra"]
[Source "ChessBase"]
[SourceDate "2023.07.31"]
[SourceVersion "1"]
[SourceVersionDate "2023.07.31"]
[SourceQuality "1"]

1. e4 c6 2. d3 d5 3. Nd2 e5 4. Ngf3 Bd6 5. g3 f6 6. Bg2 Ne7 7. 0-0 0-0 8. Re1 Bg4 9. h3 Bh5 10. c3 Nd7 11. g4 Bf7 12. d4 Qc7 13. b3 Rfe8 14. Bb2 Rad8 15. Qc2 h6 16. Rad1 Bg6 17. Nh4 Bh7 18. Nf5 Nxf5 19. gxf5 exd4 20. cxd4 dxe4 21. Nxe4 Bb4 22. Re3 Kh8 23. Qc4 Bf8 24. d5 Nb6 25. Qc1 Rxd5 26. Rxd5 Nxd5 27. Rd3 Qc8 28. Ng3 Bxf5 29. Nxf5 Qxf5 30. Qd1 Bc5 31. Rf3 Qe6 32. Bf1 Qe1 33. Qxe1 Rxe1 34. Kg2 Bd6 35. Bc4 Nf4+ 36. Kg3 Nd3+ 37. Kg4 Nxb2 38. Bf7 Re4+ 39. Kh5 Re5+ 40. Kg4 Rg5+ 41. Kh4 Nd1 42. Rd3 Nxf2 43. Rxd6 Kh7 44. Bc4 Ne4 45. Bd3 f5 46. Rd7 Rg6 47. Rf7 Nf2 48. Bxf5 Kg8 49. Bxg6 1-0

[Event "Rijeka Paris Memorial 40th"]
[Site "Rijeka"]
[Date "2019.10.23"]
[Round "7"]
[White "Levar, Nenad"]
[Black "Cucancic, Sinisa"]
[Result "0-1"]
[WhiteElo "2086"]
[BlackElo "2237"]
[PlyCount "86"]
[EventDate "2019.10.18"]
[EventType "swiss"]
[EventRounds "9"]
[EventCountry "CRO"]
[SourceTitle "CBM 192 Extra"]
[Source "Chessbase"]
[SourceDate "2019.11.06"]
[SourceVersion "1"]
[SourceVersionDate "2019.11.06"]
[SourceQuality "1"]

1. c4 Nf6 2. Nc3 g6 3. e4 d6 4. g3 Bg7 5. Bg2 c5 6. Nge2 Nc6 7. 0-0 0-0 8. d3 a6 9. f4 Bd7 10. Rb1 Rb8 11. a3 b5 12. cxb5 axb5 13. b4 cxb4 14. axb4 Qb6+ 15. Kh1 e6 16. h3 Ne8 17. Bd2 Nc7 18. Qe1 d5 19. exd5 exd5 20. g4 f5 21. Nxd5 Nxd5 22. Bxd5+ Kh8 23. g5 Rfe8 24. Qf2 Nd4 25. Nxd4 Bxd4 26. Qg2 Be6 27. Rfe1 Rbc8 28. Rbc1 Bd7 29. Rxe8+ Rxe8 30. Re1 Rxe1+ 31. Bxe1 Qc7 32. Qd2 Qd6 33. Qa2 Qe7 34. Qd2 h5 35. Kg2 Qd6 36. Bf3 Bc6 37. Qe2 Kg8 38. Bxc6 Qxc6+ 39. Kg3 Qh1 40. Qe8+ Kh7 41. Qd7+ Bg7 42. Bf2 h4+ 43. Kxh4 Qf3 0-1

[Event "Rijeka Paris Memorial 40th"]
[Site "Rijeka"]
[Date "2019.10.22"]
[Round "6"]
[White "Ivekovic, Tihana"]
[Black "Levar, Nenad"]
[Result "1-0"]
[WhiteElo "2136"]
[BlackElo "2086"]
[PlyCount "105"]
[EventDate "2019.10.18"]
[EventType "swiss"]
[EventRounds "9"]
[EventCountry "CRO"]
[SourceTitle "CBM 192 Extra"]
[Source "Chessbase"]
[SourceDate "2019.11.06"]
[SourceVersion "1"]
[SourceVersionDate "2019.11.06"]
[SourceQuality "1"]

1. d4 Nf6 2. c4 g6 3. g3 Bg7 4. Bg2 0-0 5. Nc3 d6 6. Nf3 Nbd7 7. 0-0 e5 8. e4 c6 9. h3 a5 10. Be3 Re8 11. Qc2 exd4 12. Bxd4 Qc7 13. Rfe1 Ne5 14. Nxe5 dxe5 15. Be3 Be6 16. Na4 Nd7 17. c5 f5 18. Rad1 Nf6 19. exf5 gxf5 20. Nb6 Rad8 21. Nc4 Nd5 22. Bg5 Rd7 23. Nd6 Rf8 24. Qe2 b5 25. a4 bxa4 26. Ra1 Rb8 27. Rxa4 e4 28. Qh5 Bf7 29. Qh4 Bg6 30. g4 fxg4 31. Bxe4 Ne7 32. Bxe7 Rxe7 33. Bd5+ cxd5 34. Rxe7 Qxc5 35. Rxg7+ Kxg7 36. Qe7+ Kg8 37. Rxg4 Rf8 38. Qe6+ Kh8 39. Qe5+ Kg8 40. Nf5 Rxf5 41. Qxf5 Qc1+ 42. Kh2 Qc7+ 43. Qf4 Qd7 44. Qb8+ Kg7 45. Qe5+ Kg8 46. Rg5 d4 47. Qd5+ Qxd5 48. Rxd5 d3 49. Kg3 a4 50. Kf4 Kg7 51. Ke3 Kf6 52. Ra5 Ke6 53. Rxa4 1-0

[Event "Rijeka Paris Memorial 38th"]
[Site "Rijeka"]
[Date "2017.11.11"]
[Round "9"]
[White "Levar, Nenad"]
[Black "Hodanic, Darko"]
[Result "1-0"]
[WhiteElo "2042"]
[BlackElo "1977"]
[PlyCount "61"]
[EventDate "2017.11.04"]
[EventType "swiss"]
[EventRounds "9"]
[EventCountry "CRO"]
[SourceTitle "CBM 181 Extra"]
[Source "ChessBase"]
[SourceDate "2017.12.12"]
[SourceVersion "1"]
[SourceVersionDate "2017.12.12"]
[SourceQuality "1"]

1. c4 Nf6 2. Nc3 c5 3. Nf3 d5 4. cxd5 Nxd5 5. g3 Nxc3 6. bxc3 Qa5 7. Bg2 Nc6 8. Qc2 g6 9. 0-0 Bg7 10. Bb2 0-0 11. Rfd1 c4 12. Nd4 Ne5 13. f4 Nc6 14. Kh1 Nxd4 15. cxd4 Bf5 16. Qxc4 b5 17. Qb3 Rac8 18. Bc3 Qb6 19. e3 a5 20. a3 Rb8 21. Rac1 Bg4 22. Re1 Rfd8 23. h3 Bc8 24. d5 b4 25. Bxg7 Kxg7 26. Rc6 Qb5 27. a4 Qb7 28. Qb2+ f6 29. Rec1 Bd7 30. Rc7 Qa8 31. d6 1-0

[Event "Rijeka Paris Memorial 38th"]
[Site "Rijeka"]
[Date "2017.11.10"]
[Round "8"]
[White "Loncar, Robert"]
[Black "Levar, Nenad"]
[Result "1-0"]
[WhiteElo "2398"]
[BlackElo "2042"]
[PlyCount "61"]
[EventDate "2017.11.04"]
[EventType "swiss"]
[EventRounds "9"]
[EventCountry "CRO"]
[SourceTitle "CBM 181 Extra"]
[Source "ChessBase"]
[SourceDate "2017.12.12"]
[SourceVersion "1"]
[SourceVersionDate "2017.12.12"]
[SourceQuality "1"]

1. d4 Nf6 2. c4 g6 3. Nc3 Bg7 4. e4 d6 5. h3 0-0 6. Be3 e5 7. d5 c6 8. Nf3 cxd5 9. cxd5 Ne8 10. g4 f5 11. gxf5 gxf5 12. exf5 Bxf5 13. Ng5 Nc7 14. Rg1 Kh8 15. Bd3 Qd7 16. Bxf5 Rxf5 17. Qg4 Nba6 18. Ne6 Rf7 19. 0-0-0 Re7 20. Bg5 Rf7 21. Nxg7 Qxg4 22. Rxg4 Kxg7 23. Be7+ Kh8 24. Bxd6 Re8 25. Rdg1 h6 26. Re4 Rd7 27. Bxe5+ Kh7 28. d6 Na8 29. Nd5 Rf7 30. Nf6+ Rxf6 31. Bxf6 1-0

[Event "Rijeka Paris Memorial 38th"]
[Site "Rijeka"]
[Date "2017.11.09"]
[Round "7"]
[White "Levar, Nenad"]
[Black "Radikovic, Anamarija"]
[Result "1-0"]
[WhiteElo "2042"]
[BlackElo "1783"]
[PlyCount "81"]
[EventDate "2017.11.04"]
[EventType "swiss"]
[EventRounds "9"]
[EventCountry "CRO"]
[SourceTitle "CBM 181 Extra"]
[Source "ChessBase"]
[SourceDate "2017.12.12"]
[SourceVersion "1"]
[SourceVersionDate "2017.12.12"]
[SourceQuality "1"]

1. Nf3 d5 2. d4 Nf6 3. g3 Bf5 4. Bg2 e6 5. 0-0 c5 6. c4 Nc6 7. cxd5 exd5 8. Nc3 Be7 9. dxc5 Bxc5 10. Na4 Be7 11. Be3 0-0 12. Nd4 Bg6 13. Nxc6 bxc6 14. Rc1 Qd7 15. Nc5 Qc7 16. Qa4 a5 17. Nd3 Ra6 18. Nf4 Be4 19. Bxe4 dxe4 20. Rc2 Rb8 21. a3 Qb7 22. Rfc1 Qb5 23. Qxb5 cxb5 24. Rc8+ Rxc8 25. Rxc8+ Bf8 26. Bc5 Nd7 27. Bxf8 Nxf8 28. Rb8 g5 29. Nd5 Kg7 30. Rxb5 Ne6 31. Nc3 h6 32. e3 Nc7 33. Rb7 Rc6 34. Nxe4 Rc1+ 35. Kg2 Rc2 36. Nd6 Nd5 37. Nf5+ Kg6 38. e4 Nf6 39. Rb6 Re2 40. Nxh6 Rxe4 41. Ng8 1-0

[Event "Rijeka Paris Memorial 38th"]
[Site "Rijeka"]
[Date "2017.11.04"]
[Round "1"]
[White "Jurotic, Nino"]
[Black "Levar, Nenad"]
[Result "0-1"]
[WhiteElo "1580"]
[BlackElo "2042"]
[PlyCount "64"]
[EventDate "2017.11.04"]
[EventType "swiss"]
[EventRounds "9"]
[EventCountry "CRO"]
[SourceTitle "CBM 181 Extra"]
[Source "ChessBase"]
[SourceDate "2017.12.12"]
[SourceVersion "1"]
[SourceVersionDate "2017.12.12"]
[SourceQuality "1"]

1. d4 Nf6 2. c4 e6 3. Nc3 d5 4. cxd5 exd5 5. Bg5 Be7 6. e3 c6 7. Bd3 0-0 8. h3 Nbd7 9. Nge2 Re8 10. 0-0 Nf8 11. Qc2 g6 12. Nf4 Kg7 13. Bxf6+ Bxf6 14. b4 Qd6 15. Rab1 Ne6 16. Nce2 Nxf4 17. Nxf4 Bxd4 18. Nxg6 hxg6 19. exd4 Qf6 20. Rfd1 Qg5 21. Kh1 Rh8 22. Bf1 Bf5 23. Qc1 Qh4 24. Rb3 Qxf2 25. Rf3 Qh4 26. Rf4 Qg5 27. g4 Be4+ 28. Kh2 Qe7 29. Qc3 Rae8 30. Re1 Qd6 31. Qg3 Qxb4 32. h4 Rxh4+ 0-1

[Event "Topusko Amateur op 6th"]
[Site "Topusko"]
[Date "2017.08.13"]
[Round "3"]
[White "Levar, Nenad"]
[Black "Bozinovic, Bogdan"]
[Result "1-0"]
[WhiteElo "2015"]
[BlackElo "2210"]
[PlyCount "101"]
[EventDate "2017.08.12"]
[EventType "swiss"]
[EventRounds "9"]
[EventCountry "CRO"]
[SourceTitle "CBM 180 Extra"]
[Source "ChessBase"]
[SourceDate "2017.10.06"]
[SourceVersion "1"]
[SourceVersionDate "2017.10.06"]
[SourceQuality "1"]

1. Nf3 c5 2. c4 Nf6 3. Nc3 d5 4. cxd5 Nxd5 5. g3 Nc6 6. Nxd5 Qxd5 7. d3 e5 8. Bg2 Be7 9. 0-0 Rb8 10. Be3 Qd6 11. Rc1 b6 12. a3 Bd7 13. Nd2 Rc8 14. Ne4 Qb8 15. f4 0-0 16. f5 f6 17. g4 Nd4 18. Bd2 Rfd8 19. e3 Nc6 20. Qb3+ Kf8 21. g5 Be8 22. gxf6 gxf6 23. Be1 Bf7 24. Qc2 Kg7 25. Bh4 Rg8 26. Kh1 Rc7 27. Bf3 Qd8 28. Rg1+ Kh8 29. Rxg8+ Bxg8 30. Rg1 Qf8 31. Nc3 Nd4 32. exd4 cxd4 33. a4 dxc3 34. bxc3 Bc5 35. Rg2 Qh6 36. Bf2 Bxf2 37. Rxf2 Qe3 38. Rf1 Rg7 39. Be4 Rd7 40. c4 Qd4 41. Qb1 Rg7 42. Qc1 Rg5 43. Qa1 Qc5 44. Qb2 Bf7 45. Qb5 Qc7 46. a5 Rg4 47. axb6 axb6 48. Rb1 Bxc4 49. dxc4 Rxe4 50. Qe8+ Kg7 51. Rg1+ 1-0

[Event "Mediterranean op 9th"]
[Site "Rijeka"]
[Date "2017.02.12"]
[Round "3"]
[White "Cvitan, Ena"]
[Black "Levar, Nenad"]
[Result "0-1"]
[WhiteElo "2081"]
[BlackElo "2011"]
[PlyCount "108"]
[EventDate "2017.02.11"]
[EventType "swiss"]
[EventRounds "9"]
[EventCountry "CRO"]
[SourceTitle "CBM 177 Extra"]
[Source "ChessBase"]
[SourceDate "2017.04.27"]
[SourceVersion "1"]
[SourceVersionDate "2017.04.27"]
[SourceQuality "1"]

1. d4 Nf6 2. c4 g6 3. Nc3 Bg7 4. e4 d6 5. Nf3 0-0 6. Be2 Nbd7 7. Qc2 e5 8. 0-0 c6 9. Rb1 a5 10. dxe5 dxe5 11. Na4 b6 12. Rd1 Qc7 13. c5 b5 14. Nb6 Rb8 15. Nxc8 Rfxc8 16. h3 Bf8 17. Be3 a4 18. b4 axb3 19. axb3 Ra8 20. Ra1 Ra7 21. b4 Rca8 22. Rxa7 Rxa7 23. Bd2 Nh5 24. g3 Ng7 25. Bc3 Ne6 26. Qb2 Bg7 27. Rd6 Bf8 28. Rxe6 fxe6 29. Qb3 Bg7 30. Qxe6+ Kh8 31. Qe8+ Nf8 32. Nxe5 Qe7 33. Qxe7 Rxe7 34. Nxc6 Rxe4 35. Bxg7+ Kxg7 36. Bxb5 Ne6 37. Kg2 Nc7 38. Bd3 Re1 39. b5 Ne6 40. Bc4 Nxc5 41. Kf3 Kf6 42. h4 Nd7 43. Kg2 Nb6 44. Bd3 Rd1 45. Be2 Rd2 46. Kf3 Nd5 47. Bc4 Nb6 48. Bf1 Rb2 49. g4 h6 50. Kg3 g5 51. h5 Nd5 52. Nd4 Nf4 53. Kf3 Ke5 54. Bc4 Kxd4 0-1

[Event "Topusko op 5th"]
[Site "Topusko"]
[Date "2016.08.08"]
[Round "4"]
[White "Levar, Nenad"]
[Black "Scripcaru, George Daniel"]
[Result "0-1"]
[WhiteElo "2015"]
[BlackElo "2172"]
[PlyCount "80"]
[EventDate "2016.08.06"]
[EventType "swiss"]
[EventRounds "9"]
[EventCountry "CRO"]
[SourceTitle "CBM 173 Extra"]
[Source "ChessBase"]
[SourceDate "2016.08.29"]
[SourceVersion "1"]
[SourceVersionDate "2016.08.29"]
[SourceQuality "1"]

1. Nf3 d5 2. d4 Nf6 3. g3 e6 4. Bg2 b5 5. 0-0 Bb7 6. a4 b4 7. Nbd2 Be7 8. c4 bxc3 9. bxc3 Nbd7 10. Ba3 0-0 11. Nb3 Bxa3 12. Rxa3 Qe7 13. Qa1 c5 14. Na5 Ba6 15. Re1 Rac8 16. Nb3 cxd4 17. cxd4 Rc2 18. Ra2 Rxa2 19. Qxa2 Ne4 20. Rc1 Bc4 21. Qc2 Qb4 22. Na1 Rb8 23. Bf1 Qa3 24. Rb1 Rxb1 25. Qxb1 Nb6 26. Nc2 Qxa4 27. Ne3 Qb5 28. Qe1 a5 29. Ne5 f6 30. N5xc4 Nxc4 31. Nxc4 dxc4 32. e3 Nd6 33. e4 a4 34. e5 fxe5 35. dxe5 Nf7 36. Qe4 Nxe5 37. f4 Qc5+ 38. Kg2 Qd5 39. Qxd5 exd5 40. fxe5 a3 0-1

[Event "CRO-chT2W"]
[Site "Croatia"]
[Date "2016.04.10"]
[Round "6.4"]
[White "Krsovnik, Emil"]
[Black "Levar, Nenad"]
[Result "0-1"]
[WhiteElo "2073"]
[BlackElo "2065"]
[PlyCount "110"]
[EventDate "2016.03.05"]
[EventType "team-tourn"]
[EventRounds "9"]
[EventCountry "CRO"]
[SourceTitle "EXT 2017"]
[Source "ChessBase"]
[SourceDate "2016.10.25"]
[SourceVersion "1"]
[SourceVersionDate "2016.10.25"]
[SourceQuality "1"]
[WhiteTeam "Rijeka Kvarner"]
[BlackTeam "Karlobag"]
[WhiteTeamCountry "CRO"]
[BlackTeamCountry "CRO"]

1. e4 c5 2. Nf3 d6 3. Bb5+ Nd7 4. c4 Ngf6 5. Nc3 a6 6. Ba4 g6 7. 0-0 Bg7 8. d4 cxd4 9. Nxd4 0-0 10. Nf3 Nc5 11. Bc2 Be6 12. Qe2 Rc8 13. Rb1 Ne8 14. Nd5 Nc7 15. Nb6 Rb8 16. b4 Nd7 17. Be3 Ne8 18. Nd5 f6 19. Ba4 Bxd5 20. exd5 Nc7 21. Bb3 Kh8 22. Nd4 f5 23. f4 Nf6 24. Kh1 Qd7 25. Bg1 Ne4 26. Rbc1 e5 27. dxe6 Nxe6 28. Nxe6 Qxe6 29. Qd3 Qf6 30. Rf3 Rfe8 31. Qd5 Re7 32. h3 h6 33. c5 dxc5 34. bxc5 Rc8 35. Rd3 Rec7 36. Bd4 Qf8 37. Kh2 Bxd4 38. Rxd4 Rxc5 39. Rxc5 Nxc5 40. Rb4 b5 41. Rd4 Qg7 42. Qd6 Kh7 43. Rd5 Qc7 44. Qxc7+ Rxc7 45. Rd6 Nxb3 46. axb3 Rc3 47. Rxa6 Rxb3 48. Rb6 b4 49. g4 fxg4 50. hxg4 Rb1 51. f5 gxf5 52. gxf5 b3 53. Rb7+ Kg8 54. f6 b2 55. Kg2 h5 0-1